000
00288nam a22001337a 4500
008
180308b xxu||||| |||| 00| 0 eng d
020
_a
9780683037012
041
_a
eng
080
_2
9th
_a
611
100
_a
7
101
_a
ANA
245
_a
Atlas of anatomy
_c
Agur,A.M
942
_2
udc
_c
BK
999
_c
44405
_d
44405